| 000 | 00506nam a22001577a 4500 | ||
|---|---|---|---|
| 008 | 140225b xxu||||| |||| 00| 0 eng d | ||
| 020 | _aX00078KVSJ | ||
| 050 | _aDK254.T6S427 2009 | ||
| 100 |
_aService, Robert _98916 |
||
| 245 |
_aTrotsky _ba biography _cRobert Service |
||
| 260 |
_aLondon _bPan Books _c2009 |
||
| 300 |
_axxii, 600p. ; _c20cm. |
||
| 600 |
_aTrotsky, Leon _98917 |
||
| 650 |
_aCommunism _xSoviet Union History _xPolitics _y1917-1936 _zRussia _zSoviet Union _98918 |
||
| 942 |
_2lcc _cMONOGRAPH _01 |
||
| 999 |
_c120157 _d120157 |
||